[Event "Foment Martinenc op-A 23rd"]
[Site "Barcelona"]
[Date "2023.06.03"]
[Round "7"]
[White "Serrano Batova, Vicent"]
[Black "Torrent San Nicolas, Biel"]
[Result "1-0"]
[WhiteElo "2142"]
[BlackElo "1915"]
[PlyCount "57"]
[EventDate "2023.04.22"]
[EventType "swiss"]
[EventRounds "9"]
[EventCountry "ESP"]
[SourceTitle "EXT 2024"]
[Source "ChessBase"]
[SourceDate "2023.10.10"]
[SourceVersion "1"]
[SourceVersionDate "2023.10.10"]
[SourceQuality "1"]

1. d4 Nf6 2. Nf3 e6 3. e3 c5 4. Bd3 d5 5. b3 Nc6 6. Bb2 Be7 7. Nbd2 b6 8. 0-0 Bb7 9. Ne5 0-0 10. f4 Nxe5 11. dxe5 Ne4 12. Qe2 f5 13. exf6 Bxf6 14. Bxf6 Rxf6 15. Nxe4 dxe4 16. Bc4 Kh8 17. Rad1 Qe7 18. Rd2 Rff8 19. Rfd1 Rad8 20. Rxd8 Rxd8 21. Rxd8+ Qxd8 22. Bxe6 Qf6 23. Bc4 Qc3 24. Kf2 h6 25. Qd1 Qf6 26. Qd7 Bc6 27. Qc8+ Kh7 28. Bg8+ Kh8 29. Bf7+ 1-0

[Event "Foment Martinenc op-A 23rd"]
[Site "Barcelona"]
[Date "2023.05.06"]
[Round "3"]
[White "Serrano Batova, Vicent"]
[Black "Molina Figueroa, Antoni"]
[Result "1-0"]
[WhiteElo "2142"]
[BlackElo "1870"]
[PlyCount "69"]
[EventDate "2023.04.22"]
[EventType "swiss"]
[EventRounds "9"]
[EventCountry "ESP"]
[SourceTitle "EXT 2024"]
[Source "ChessBase"]
[SourceDate "2023.10.10"]
[SourceVersion "1"]
[SourceVersionDate "2023.10.10"]
[SourceQuality "1"]

1. d4 g6 2. c4 Bg7 3. Nc3 d6 4. Nf3 Nd7 5. g3 b6 6. Bg2 Bb7 7. 0-0 e6 8. e4 Ne7 9. Bg5 h6 10. Be3 a6 11. h3 0-0 12. Qd2 Kh7 13. Rad1 Rb8 14. Rfe1 Qe8 15. Nh4 g5 16. Nf3 f6 17. Nh2 Qg6 18. d5 e5 19. Nf1 h5 20. Qe2 Rh8 21. b4 Bc8 22. c5 b5 23. Rc1 g4 24. h4 Bh6 25. Nb1 f5 26. exf5 Nxf5 27. cxd6 cxd6 28. Bxh6 Qxh6 29. Be4 Rf8 30. Ne3 Nb6 31. Rxc8 Rbxc8 32. Nxf5 Qf6 33. Nxd6+ Kg8 34. Nxc8 Rxc8 35. Nd2 1-0

[Event "Barcelona Sants op-A 23rd"]
[Site "Barcelona"]
[Date "2022.08.19"]
[Round "1"]
[White "Pichot, Alan"]
[Black "Serrano Batova, Vicent"]
[Result "1/2-1/2"]
[WhiteElo "2641"]
[BlackElo "2045"]
[PlyCount "174"]
[EventDate "2022.08.19"]
[EventType "swiss"]
[EventRounds "10"]
[EventCountry "ESP"]
[SourceTitle "CBM 209 Extra"]
[Source "ChessBase"]
[SourceDate "2022.09.30"]
[SourceVersion "1"]
[SourceVersionDate "2022.09.30"]
[SourceQuality "1"]

1. Nf3 c5 2. c4 Nc6 3. Nc3 g6 4. e3 Nf6 5. d4 cxd4 6. exd4 d5 7. cxd5 Nxd5 8. Qb3 Nxc3 9. Bc4 Nd5 10. Bxd5 e6 11. Bxc6+ bxc6 12. 0-0 Bg7 13. Bf4 0-0 14. Rac1 Qd5 15. Qa3 Rd8 16. Rc5 Qd7 17. Qa5 Bf8 18. Be5 Be7 19. Bc7 Re8 20. Rc3 f6 21. Rfc1 Bb7 22. Rb3 Bc8 23. Bb6 Rb8 24. Qxa7 Qxa7 25. Bxa7 Ra8 26. Bc5 Rxa2 27. h3 Bd7 28. Rb7 Bxc5 29. Rxd7 Bf8 30. Rb7 Ra6 31. Rc7 Ra2 32. b3 Rb2 33. Rb7 Rc8 34. Re1 Re8 35. g4 c5 36. g5 fxg5 37. Nxg5 cxd4 38. Rd7 e5 39. Nxh7 Re7 40. Nxf8 Kxf8 41. Rxe7 Kxe7 42. Rxe5+ Kf6 43. Rb5 d3 44. Kg2 d2 45. Rd5 Ke6 46. Rd8 Kf5 47. b4 Rxb4 48. Rxd2 Rb3 49. Rd5+ Kf6 50. f3 Ra3 51. h4 Ra4 52. Kg3 Rb4 53. Rd8 Ra4 54. Rf8+ Kg7 55. Rf4 Ra5 56. Kg4 Rb5 57. Ra4 Rc5 58. Re4 Kf6 59. Re1 Rc4+ 60. f4 Rc5 61. Ra1 Kg7 62. Ra6 Rb5 63. Re6 Rb1 64. Re3 Rb5 65. Re7+ Kf6 66. Re5 Rb1 67. Re3 Rb5 68. Re1 Ra5 69. Rb1 Kg7 70. Kf3 Ra3+ 71. Kg4 Ra5 72. Rd1 Kh6 73. Re1 Kg7 74. Re7+ Kf6 75. Rd7 Rb5 76. Kf3 Rh5 77. Rd6+ Kg7 78. Kg3 Ra5 79. Re6 Ra3+ 80. Kg4 Ra5 81. Re5 Ra1 82. h5 Rg1+ 83. Kh4 Rh1+ 84. Kg4 Rxh5 85. Rxh5 gxh5+ 86. Kxh5 Kf6 87. f5 Kxf5 1/2-1/2

[Event "Llinars del Valles op"]
[Site "Llinars del Valles"]
[Date "2022.06.27"]
[Round "3"]
[White "Serrano Batova, Vicent"]
[Black "Narciso Dublan, Marc"]
[Result "0-1"]
[WhiteElo "1979"]
[BlackElo "2461"]
[PlyCount "48"]
[EventDate "2022.06.25"]
[EventType "swiss"]
[EventRounds "9"]
[EventCountry "ESP"]
[SourceTitle "CBM 209 Extra"]
[Source "ChessBase"]
[SourceDate "2022.09.30"]
[SourceVersion "1"]
[SourceVersionDate "2022.09.30"]
[SourceQuality "1"]

1. d4 d5 2. Nf3 Nf6 3. e3 Bg4 4. c4 c6 5. cxd5 cxd5 6. Qb3 Bxf3 7. gxf3 Qd7 8. Bb5 Nc6 9. Bd2 e6 10. 0-0 Bd6 11. Bb4 0-0 12. Rc1 Bxb4 13. Bxc6 Qe7 14. Bb5 Bd6 15. Nc3 g5 16. Kh1 Kh8 17. Rg1 Rg8 18. Bd3 a6 19. e4 Nh5 20. exd5 g4 21. Ne4 Bxh2 22. Rxg4 Rxg4 23. fxg4 Qh4 24. Bf1 Nf4 0-1

[Event "Barcelona FIDE Group"]
[Site "Barcelona"]
[Date "2021.07.10"]
[Round "5"]
[White "Serrano Batova, Vicent"]
[Black "Sanchez Lopez, Juan Manuel"]
[Result "1-0"]
[WhiteElo "1853"]
[BlackElo "1979"]
[PlyCount "53"]
[EventDate "2021.07.06"]
[EventType "tourn"]
[EventRounds "7"]
[EventCountry "ESP"]
[SourceTitle "EXT 2022"]
[Source "ChessBase"]
[SourceDate "2021.10.06"]
[SourceVersion "1"]
[SourceVersionDate "2021.10.06"]
[SourceQuality "1"]

1. d4 Nf6 2. Nf3 c5 3. d5 d6 4. Nc3 g6 5. e4 Bg7 6. h3 Nbd7 7. Be2 0-0 8. 0-0 Ne8 9. Re1 Nc7 10. a4 Rb8 11. Nb5 b6 12. Nxa7 Bb7 13. c3 Ra8 14. Nb5 Ba6 15. Bg5 f6 16. Bh4 Bxb5 17. axb5 Rxa1 18. Qxa1 Qb8 19. Bd1 Qb7 20. e5 Nxe5 21. Nxe5 fxe5 22. Bxe7 Rf4 23. Bxd6 Rc4 24. Bxc7 Qxc7 25. g3 e4 26. Qa8+ Bf8 27. Qa2 1-0

[Event "Barcelona FIDE Group"]
[Site "Barcelona"]
[Date "2021.07.07"]
[Round "2"]
[White "Perez Garcia, Adria"]
[Black "Serrano Batova, Vicent"]
[Result "1-0"]
[WhiteElo "2126"]
[BlackElo "1853"]
[PlyCount "69"]
[EventDate "2021.07.06"]
[EventType "tourn"]
[EventRounds "7"]
[EventCountry "ESP"]
[SourceTitle "EXT 2022"]
[Source "ChessBase"]
[SourceDate "2021.10.06"]
[SourceVersion "1"]
[SourceVersionDate "2021.10.06"]
[SourceQuality "1"]

1. e4 c5 2. Nf3 Nc6 3. Bb5 g6 4. Bxc6 dxc6 5. d3 Bg7 6. h3 Nf6 7. Nc3 Nd7 8. Be3 e5 9. Qd2 h6 10. 0-0 b6 11. a3 a5 12. Ne2 f5 13. exf5 gxf5 14. Ng3 f4 15. Bxf4 exf4 16. Qxf4 Nf6 17. Rae1+ Kf8 18. Ne5 Kg8 19. Nxc6 Qf8 20. Nf5 Bd7 21. Nxg7 Bxc6 22. Nf5 Nd5 23. Qg4+ Kh7 24. Re6 Rg8 25. Rxh6+ Qxh6 26. Nxh6 Rxg4 27. Nxg4 Nf4 28. f3 Kg7 29. Re1 Re8 30. Rxe8 Bxe8 31. Kf2 Nd5 32. Ne3 Nf6 33. g4 Kg6 34. f4 Bd7 35. Nc4 1-0

[Event "Barcelona CC Amateurs April"]
[Site "Barcelona"]
[Date "2021.05.15"]
[Round "4"]
[White "Serrano Batova, Vicent"]
[Black "Pinyol I Llora, Julia"]
[Result "0-1"]
[WhiteElo "1893"]
[BlackElo "1607"]
[PlyCount "66"]
[EventDate "2021.04.24"]
[EventType "tourn"]
[EventRounds "9"]
[EventCountry "ESP"]
[SourceTitle "EXT 2022"]
[Source "ChessBase"]
[SourceDate "2021.10.06"]
[SourceVersion "1"]
[SourceVersionDate "2021.10.06"]
[SourceQuality "1"]

1. d4 Nf6 2. Nf3 e6 3. e3 b6 4. Bd3 Bb7 5. Nbd2 d5 6. b3 Bd6 7. Bb2 0-0 8. 0-0 c5 9. Ne5 Nc6 10. f4 Rc8 11. a3 Ne7 12. Qf3 Qc7 13. dxc5 Bxc5 14. b4 Bd6 15. Ng4 Ne4 16. Qh3 f5 17. Bxe4 dxe4 18. Ne5 Qxc2 19. Ndc4 Rxc4 20. Nxc4 Qxc4 21. Qg3 g6 22. Qf2 Nd5 23. Rfe1 Be7 24. Qd2 Qd3 25. Qxd3 exd3 26. Red1 Ba6 27. Kf2 Bc4 28. Bd4 Bf6 29. g3 Bxd4 30. exd4 Nc3 31. Rdc1 Ne4+ 32. Ke3 b5 33. a4 d2 0-1